Journal of social inclusion studies (Record no. 156193)

MARC details
000 -LEADER
fixed length control field 00450nam a22001697a 4500
005 - DATE AND TIME OF LATEST TRANSACTION
control field 20180823140130.0
008 - FIXED-LENGTH DATA ELEMENTS--GENERAL INFORMATION
fixed length control field 180823b xxu||||| |||| 00| 0 eng d
022 ## - INTERNATIONAL STANDARD SERIAL NUMBER
International Standard Serial Number 2394-4811
222 ## - KEY TITLE
Key title Journal of social inclusion studies
245 ## - TITLE STATEMENT
Title Journal of social inclusion studies
260 ## - PUBLICATION, DISTRIBUTION, ETC. (IMPRINT)
Place of publication, distribution, etc New Delhi ;
Name of publisher, distributor, etc Sage Publications
300 ## - PHYSICAL DESCRIPTION
Extent v.
Dimensions 24 cm
310 ## - CURRENT PUBLICATION FREQUENCY
Current publication frequency bi-annually
650 ## - SUBJECT ADDED ENTRY--TOPICAL TERM
Form subdivision Periodicals.
906 ## - LOCAL DATA ELEMENT F, LDF (RLIN)
c serials
942 ## - ADDED ENTRY ELEMENTS (KOHA)
Source of classification or shelving scheme Dewey Decimal Classification
Item type Periodicals
Serial record 1
Holdings
Withdrawn status Lost status Source of classification or shelving scheme Damaged status Not for loan Collection code Home library Current library Date acquired Source of acquisition Total Checkouts Full call number Date last seen Price effective from Koha item type
    Dewey Decimal Classification   Not For Loan Non-fiction D.B.Act.Division D.B.Act.Division 23/08/2018 DBAD/PUB   JOU 23/08/2018 23/08/2018 Periodicals

© Delhi Public Library
Hit Counter
free hit counter